000 00551nam a2200181Ia 4500
003 GCL
008 140319s9999 xx 000 0 ara d
040 _aGCL /
_cGCL
082 0 4 _a320.956
_bع خ
245 1 0 _aالخصوصية الاستراتيجية للعالم العربى
260 _a[S.N] :
_bالهيئة المصرية العامة للكتاب ،
_c1992
300 _a238 ص
490 _a
650 0 4 _aالعالم العربى
650 0 4 _aالامن القومى
650 0 4 _aالاسلام والسياسة
942 _2ddc
_cBK
999 _c32354
_d32354